[Event "Titled Tue 20th May Late"]
[Site "chess.com INT"]
[Date "2025.05.20"]
[Round "7"]
[White "Eswaran, Ashritha"]
[Black "Ragger, Markus"]
[Result "1-0"]
[WhiteTitle "FM"]
[BlackTitle "GM"]
[WhiteElo "2236"]
[BlackElo "2566"]
[WhiteFideId "2080788"]
[BlackFideId "1610856"]
[EventDate "2025.05.20"]

1. e4 e5 2. Nf3 Nc6 3. d4 exd4 4. Bc4 Bc5 5. Ng5 Nh6 6. Nxf7 Nxf7 7. Bxf7+ Kxf7
8. Qh5+ g6 9. Qxc5 d5 10. O-O dxe4 11. c3 Qd6 12. Qxd6 cxd6 13. cxd4 Nxd4 14.
Nc3 Bg4 15. Nxe4 Nc2 16. Nxd6+ Ke6 17. Bf4 Nxa1 18. Rxa1 Rhf8 19. Bg3 Rad8 20.
Re1+ Kd7 21. h3 Be6 22. Nxb7 Rc8 23. Rd1+ Kc6 24. Rd6+ Kxb7 25. Rxe6 Rf7 26. Re2
Rd7 27. Kh2 Rc1 28. a3 Rcd1 29. Re4 R1d4 30. Re3 Rd3 31. Re8 Rd8 32. Rxd8 Rxd8
33. Be5 Rd3 34. g4 a5 35. Kg2 a4 36. f3 Kc6 37. Kg3 Kd5 38. Bg7 Rd2 39. h4 Kc4
40. h5 Kd3 41. hxg6 hxg6 42. Kf4 Ke2 43. Ke4 Rd7 44. Be5 Rd3 45. f4 Re3+ 46. Kd5
Rg3 47. g5 Kf3 48. Ke6 Kg4 49. f5 Rg1 50. f6 Kxg5 51. Bf4+ Kxf4 52. f7 g5 53.
f8=Q+ Kg3 54. Qd6+ Kh3 55. Qd3+ Rg3 56. Qh7+ Kg2 57. Qe4+ Kh3 58. Qxa4 g4 59.
Qf4 Rf3 60. Qh6+ Kg2 61. a4 g3 62. a5 Kf1 63. Qc1+ Kf2 64. Qd2+ Kf1 65. Qd1+ Kf2
66. a6 g2 67. a7 Rf8 68. Qd4+ Kf1 69. Qc4+ Kf2 70. Qc5+ Ke2 71. Qxf8 g1=Q 72.
a8=Q Qe3+ 73. Kd7 Qh3+ 74. Kc7 Qg3+ 75. Qd6 Qg7+ 76. Qd7 Qe5+ 77. Kc8 Qh8+ 78.
Kb7 Qh1+ 79. Qc6 Qh7+ 80. Kb6 Kd2 81. Qc3+ Ke2 82. Qaf3# 1-0

[Event "Titled Tue 20th May Late"]
[Site "chess.com INT"]
[Date "2025.05.20"]
[Round "7"]
[White "Pakleza, Zbigniew"]
[Black "Ghimoyan, Narek"]
[Result "1-0"]
[WhiteTitle "GM"]
[BlackTitle "CM"]
[WhiteElo "2484"]
[BlackElo "2273"]
[WhiteFideId "1119290"]
[BlackFideId "13315412"]
[EventDate "2025.05.20"]

1. d4 Nf6 2. Nf3 d5 3. Bf4 c5 4. c3 Nc6 5. Nbd2 cxd4 6. cxd4 Bf5 7. e3 e6 8. Qb3
Qb6 9. Qxb6 axb6 10. Bb5 Bb4 11. Ke2 Ke7 12. Rhc1 Rhc8 13. a3 Bd6 14. Bxd6+ Kxd6
15. Rc3 Ne4 16. Nxe4+ Bxe4 17. Rac1 Bxf3+ 18. Kxf3 Ne7 19. Bd3 h6 20. Ke2 Rxc3
21. Rxc3 Nc6 22. h4 Ne7 23. f3 Nc6 24. Kd2 Ne7 25. e4 Nc6 26. Ke3 Ra4 27. Bb5
Ra5 28. Be2 Ra8 29. h5 Rc8 30. e5+ Kd7 31. f4 Ne7 32. Rb3 Kc7 33. g4 Ra8 34.
Rc3+ Kd7 35. Bb5+ Nc6 36. f5 Rc8 37. Kf4 Ke7 38. Bxc6 bxc6 39. b4 b5 40. g5
hxg5+ 41. Kxg5 exf5 42. Kxf5 Rh8 43. Rxc6 Rxh5+ 44. Kg4 Rh1 45. Rc5 Ke6 46. Rxb5
Rd1 47. Rb6+ Ke7 48. a4 Rxd4+ 49. Kf3 Rd3+ 50. Ke2 Ra3 51. a5 g5 52. a6 g4 53.
b5 g3 54. Rb7+ Ke6 55. a7 Ra2+ 56. Kf1 Kxe5 57. b6 f5 58. Rb8 g2+ 59. Kg1 Kf4
60. a8=Q Re2 61. Qa4+ Kg3 62. Qb3+ Kg4 63. Rg8+ Kf4 64. Rxg2 1-0

[Event "Titled Tue 20th May Late"]
[Site "chess.com INT"]
[Date "2025.05.20"]
[Round "7"]
[White "Khodabandeh, Milad"]
[Black "Eames, Robert S"]
[Result "0-1"]
[WhiteTitle "CM"]
[BlackTitle "FM"]
[WhiteElo "1957"]
[BlackElo "2136"]
[WhiteFideId "12538620"]
[BlackFideId "408743"]
[EventDate "2025.05.20"]

1. e4 c5 2. Nf3 Nc6 3. Bb5 d5 4. exd5 Qxd5 5. Nc3 Qe6+ 6. Qe2 Qxe2+ 7. Nxe2 Bd7
8. O-O Nf6 9. d4 e6 10. c3 a6 11. Ba4 b5 12. Bc2 Bd6 13. Rd1 cxd4 14. Nexd4 Nxd4
15. Nxd4 Ke7 16. Re1 Bc7 17. Bd2 Rhd8 18. Rad1 Kf8 19. Bg5 h6 20. Bh4 g5 21. Bg3
Bxg3 22. hxg3 Rac8 23. Bb3 Kg7 24. f3 a5 25. a3 a4 26. Ba2 Re8 27. Rd2 Rc5 28.
Red1 Bc8 29. Nc2 Bb7 30. Ne3 Re5 31. Kf2 Rc8 32. g4 Rc7 33. Rd8 Rec5 34. R1d4 h5
35. gxh5 Nxh5 36. R8d7 Nf4 37. g3 Nd5 38. Rxc7 Nxc7 39. Rd7 Bc8 40. Rd8 Bb7 41.
Nc2 Bd5 42. Bxd5 Rxd5 43. Rxd5 Nxd5 44. Nd4 Nc7 45. Ke3 Kf6 46. Ke4 Ke7 47. g4
Kd6 48. Kd3 Kc5 49. Nc2 Nd5 50. Ne3 Ne7 51. Nc2 f5 52. Nd4 fxg4 53. fxg4 e5 54.
Nf5 Nxf5 55. gxf5 Kd6 56. Ke4 g4 57. Ke3 Kd5 58. Kf2 e4 59. Kg3 e3 0-1

[Event "Titled Tue 20th May Late"]
[Site "chess.com INT"]
[Date "2025.05.20"]
[Round "7"]
[White "Goncharov, Vladimir"]
[Black "Bagheri, Maziar"]
[Result "1-0"]
[BlackTitle "FM"]
[WhiteElo "2077"]
[BlackElo "2287"]
[WhiteFideId "34162256"]
[BlackFideId "12530913"]
[EventDate "2025.05.20"]

1. d4 Nf6 2. c4 g6 3. Nc3 Bg7 4. e4 d6 5. h3 O-O 6. Be3 c5 7. Nf3 cxd4 8. Nxd4
Nc6 9. Be2 Nxd4 10. Bxd4 Be6 11. O-O Rc8 12. b3 a6 13. Rc1 Qa5 14. f4 Rfd8 15.
f5 Bd7 16. fxg6 hxg6 17. Bxf6 Bxf6 18. Nd5 Bg5 19. Rc3 e6 20. Rg3 Bh4 21. Rg4
exd5 22. Rxh4 dxe4 23. Rxe4 Qg5 24. Kh1 Bc6 25. Rg4 Qe3 26. Kh2 d5 27. Qc2 Qe5+
28. Kh1 d4 29. Bd3 Qe3 30. Kh2 Qe5+ 31. g3 Be8 32. Re4 Qh5 33. Qf2 Kg7 34. Qf6+
Kg8 35. Rxe8+ Rxe8 36. Qxf7+ Kh8 37. Bxg6 Re2+ 38. Kg1 Qh6 39. Qf6+ Qg7 40. Qh4+
Kg8 41. Bf7+ Kf8 42. Bh5+ Kg8 43. Bxe2 d3 44. Bxd3 Re8 45. Be4 Qd4+ 46. Kg2 Rxe4
47. Qg5+ Qg7 48. Qd8+ Kh7 49. Qd3 Qe5 50. Re1 Qb2+ 51. Kf3 Qf6+ 52. Kxe4 Qe6+
53. Kf4+ Qg6 54. Qxg6+ Kxg6 55. Re7 Kh5 56. Rxb7 a5 57. Rb6 a4 58. Ra6 a3 59.
Ra4 Kg6 60. c5 Kh5 61. c6 Kg6 62. Rc4 Kh5 63. c7 Kg6 64. c8=Q Kh5 65. Qc5+ Kg6
66. Rb4 Kg7 67. Rb6 Kg8 68. Qc7 Kf8 69. Rb8# 1-0

[Event "Titled Tue 20th May Late"]
[Site "chess.com INT"]
[Date "2025.05.20"]
[Round "7"]
[White "Garcia Correa, Jose Ricardo"]
[Black "Sakhayi, Mostafa"]
[Result "0-1"]
[WhiteTitle "FM"]
[BlackTitle "CM"]
[WhiteElo "2103"]
[BlackElo "2166"]
[WhiteFideId "5101832"]
[BlackFideId "12512532"]
[EventDate "2025.05.20"]

1. e4 e5 2. Nf3 Nc6 3. Bb5 a6 4. Ba4 Nf6 5. O-O Be7 6. Re1 b5 7. Bb3 d6 8. h3
Na5 9. d4 Nxb3 10. axb3 Bb7 11. d5 c6 12. c4 O-O 13. Nc3 b4 14. Na4 c5 15. Qd3
Nd7 16. g4 Qc7 17. Kg2 g6 18. Bh6 Rfe8 19. Rh1 Bf8 20. Qe3 Qd8 21. Rag1 Qf6 22.
Bg5 Qh8 23. Nd2 f6 24. Bh4 Qg7 25. g5 f5 26. exf5 gxf5 27. Kf1 Be7 28. Qf3 Rf8
29. Qh5 Qg6 30. Qxg6+ hxg6 31. f4 Kg7 32. Bg3 Rh8 33. fxe5 Nxe5 34. Bxe5+ dxe5
35. h4 Rh5 36. Kf2 Rah8 37. Nf3 e4 38. Ne5 Rxh4 39. Rxh4 Rxh4 40. Nc6 Bd6 41.
Nd8 Bc8 42. Nb6 Bc7 43. Nxc8 Bxd8 44. Nd6 Rh2+ 45. Ke3 Rxb2 46. Nb7 Rxb3+ 47.
Kf4 Bb6 48. d6 Rd3 49. Ke5 e3 50. d7 b3 51. Nd6 Rxd6 52. Kxd6 f4 53. Rb1 e2 54.
Rxb3 e1=Q 55. Rxb6 Qd2+ 56. Kc7 f3 57. Rd6 Qa5+ 58. Kc8 f2 59. d8=Q Qxd8+ 60.
Rxd8 f1=Q 61. Rd7+ Kf8 62. Rd8+ Ke7 63. Rd7+ Ke6 64. Kc7 Qf4+ 65. Rd6+ Qxd6+ 66.
Kb7 Qd4 67. Kxa6 Qxc4+ 68. Kb6 Qg4 69. Kxc5 Qxg5+ 0-1

[Event "Titled Tue 20th May Late"]
[Site "chess.com INT"]
[Date "2025.05.20"]
[Round "7"]
[White "Galchenko, Matvey"]
[Black "Cori Quispe, Kevin Joel"]
[Result "1-0"]
[WhiteTitle "IM"]
[BlackTitle "GM"]
[WhiteElo "2442"]
[BlackElo "2464"]
[WhiteFideId "24175480"]
[BlackFideId "3814017"]
[EventDate "2025.05.20"]

1. b3 e5 2. Bb2 Nc6 3. c4 Nf6 4. Nf3 e4 5. Nd4 Bc5 6. Nf5 O-O 7. e3 d5 8. cxd5
Nb4 9. Ng3 Qxd5 10. Nc3 Qe6 11. a3 Nd3+ 12. Bxd3 exd3 13. b4 Be7 14. O-O a5 15.
Nb5 Qd7 16. Nd4 g6 17. b5 c5 18. bxc6 bxc6 19. Qf3 Ra6 20. Rac1 c5 21. Nb3 Bb7
22. Nxc5 Bxc5 23. Qf4 Rc8 24. Rxc5 Rxc5 25. Bxf6 Qc6 26. Qb8+ Qc8 27. Qf4 Qc6
28. Qb8+ Qc8 29. Qxc8+ Bxc8 30. Bc3 f5 31. Rb1 Bd7 32. f3 Rb5 33. Ra1 Rb3 34. e4
f4 35. Nh1 Rc6 36. Bxa5 Rc2 37. Nf2 Rcb2 38. g3 Rb1+ 39. Rxb1 Rxb1+ 40. Kg2 Bb5
41. gxf4 Rb3 42. Bb4 Rb2 43. Kg3 Kf7 44. Ng4 Ra2 45. Ne5+ Ke6 46. Ng4 Ra1 47.
Ne3 h5 48. f5+ Kf7 49. fxg6+ Kxg6 50. f4 Rg1+ 51. Kf2 Rh1 52. f5+ Kg5 53. Kg2
Re1 54. Kf3 Bc6 55. Be7+ Kh6 56. Kf4 Re2 57. Bb4 Rxh2 58. Ke5 Rf2 59. f6 Kg6 60.
Nf5 Bxe4 61. Ne7+ Kf7 62. Kxe4 Rxf6 63. Nf5 Kg6 64. Nh4+ Kf7 65. Kxd3 Rf2 66.
Ke3 Rh2 67. Nf3 Rh3 68. Kf4 Ke6 69. Ng5+ Kd5 70. Nxh3 1-0

[Event "Titled Tue 20th May Late"]
[Site "chess.com INT"]
[Date "2025.05.20"]
[Round "7"]
[White "Rostomyan, Mikayel"]
[Black "Kravtsiv, Martyn"]
[Result "0-1"]
[WhiteTitle "FM"]
[BlackTitle "GM"]
[WhiteElo "2325"]
[BlackElo "2598"]
[WhiteFideId "13313754"]
[BlackFideId "14113147"]
[EventDate "2025.05.20"]

1. d4 d5 2. c4 e6 3. Nf3 Nf6 4. g3 Be7 5. Bg2 O-O 6. O-O c6 7. Qc2 b6 8. Bf4
Nbd7 9. cxd5 cxd5 10. Bc7 Qe8 11. Rc1 Bb7 12. Qb3 Rc8 13. Na3 Ba6 14. Nb5 Nc5
15. dxc5 Bxb5 16. cxb6 axb6 17. Bxb6 Bxe2 18. a4 Ne4 19. Nd4 Bc4 20. Qe3 Bg5 21.
f4 Bf6 22. b4 Qd7 23. a5 Nd6 24. Rab1 Rfe8 25. h3 e5 26. fxe5 Bxe5 27. Qf3 Ne4
28. Nf5 Re6 29. Qg4 g6 30. Bxe4 dxe4 31. Rd1 Qe8 32. Ne3 Bd3 33. Rbc1 h5 34. Qg5
Kh7 35. Nd5 Rxc1 36. Rxc1 Qd7 37. Nc7 f6 38. Qe3 Re7 39. a6 Qa4 40. a7 Bxc7 41.
Rxc7 Rxc7 42. Bxc7 Qd1+ 43. Kh2 Qc2+ 44. Kg1 Qd1+ 45. Kh2 Qc2+ 46. Kg1 Qb1+ 47.
Kh2 Qa2+ 48. Kg1 h4 49. gxh4 Qb1+ 50. Kg2 Qc2+ 51. Qf2 Qc6 52. Qb6 Qc2+ 53. Kg3
e3 54. Qxe3 Qxc7+ 55. Kf2 Qc2+ 56. Kg3 Be4 57. Kf4 f5 58. Ke5 Qc7+ 59. Ke6 Qc6+
60. Ke5 Qe8+ 61. Kd6 Qd8+ 62. Ke6 Qd5+ 63. Kf6 Qd6+ 64. Kf7 Bd5+ 65. Ke8 Bc6+
66. Kf7 Bd5+ 67. Ke8 Bc6+ 68. Kf7 Qc7+ 69. Qe7 Qxe7+ 70. Kxe7 f4 71. b5 Ba8 72.
Kd6 f3 73. b6 f2 74. Kc7 f1=Q 75. b7 Qf7+ 0-1

[Event "Titled Tue 20th May Late"]
[Site "chess.com INT"]
[Date "2025.05.20"]
[Round "7"]
[White "Harriott, Tyrell"]
[Black "Klepek, Witold"]
[Result "0-1"]
[BlackTitle "CM"]
[WhiteElo "1924"]
[BlackElo "2253"]
[WhiteFideId "2086484"]
[BlackFideId "1175068"]
[EventDate "2025.05.20"]

1. d4 Nf6 2. e3 c5 3. Bd3 b6 4. c3 Bb7 5. Nf3 e6 6. O-O Be7 7. Nbd2 O-O 8. a3 d6
9. Qe2 Nbd7 10. e4 e5 11. d5 g6 12. c4 Nh5 13. Nb3 Bc8 14. Bh6 Re8 15. Ne1 Bf8
16. Bd2 Nf4 17. Qd1 Bg7 18. Nc1 Nf8 19. Ne2 Nxd3 20. Nxd3 f5 21. f3 a6 22. b4
Nd7 23. bxc5 Nxc5 24. Nxc5 bxc5 25. Rb1 fxe4 26. fxe4 Qh4 27. Nc3 Bg4 28. Qc1
Rf8 29. Qc2 Bh6 30. Qd3 Bd7 31. Bxh6 Qxh6 32. Ne2 Rxf1+ 33. Rxf1 Rb8 34. Ng3 Ba4
35. Qc3 Rf8 36. Rxf8+ Kxf8 37. h3 Qf4 38. Kh2 h5 39. Kg1 h4 40. Ne2 Qxe4 41. Kf2
Bd1 42. Ng1 Qd4+ 43. Qxd4 exd4 44. Ke1 Bb3 45. Nf3 Bxc4 46. Nxh4 Kf7 47. Nf3
Bxd5 48. Nh4 g5 49. Nf5 Ke6 50. Ng7+ Kf6 51. Nh5+ Kg6 52. g4 Bg2 53. Ng3 Bxh3
54. Nf5 Bxg4 55. Nxd6 Be6 56. Kd2 Kf6 57. Ne4+ Ke5 58. Nxg5 Bd5 59. Nh3 c4 60.
Nf2 Bc6 61. Kc2 Be8 62. Kd2 Kd5 63. Kc2 Bg6+ 64. Kd2 c3+ 65. Ke2 Kc4 66. Nh3 d3+
67. Ke3 d2 68. Nf2 Bh5 69. Kf4 d1=Q 70. Nxd1 Bxd1 71. Ke3 Kb3 72. Kd3 c2 73. Kd2
Kb2 74. a4 c1=Q+ 75. Kd3 Qc3+ 76. Ke4 Qb4+ 77. Ke5 Bxa4 78. Ke6 Kc3 79. Ke5 Qd4+
80. Ke6 Kd3 81. Kf5 Ke3 82. Ke6 Bc6 83. Kf5 Qe4+ 84. Kf6 Kf4 85. Kf7 Qe5 86. Kg6
Qf5+ 87. Kg7 Kg5 88. Kg8 Bd5+ 89. Kg7 Qf6+ 90. Kh7 Qh6# 0-1

[Event "Titled Tue 20th May Late"]
[Site "chess.com INT"]
[Date "2025.05.20"]
[Round "7"]
[White "Garbuz, Vitaliy"]
[Black "Bouska, Jiri"]
[Result "1-0"]
[WhiteTitle "CM"]
[BlackTitle "FM"]
[WhiteElo "2224"]
[BlackElo "2318"]
[WhiteFideId "12990710"]
[BlackFideId "23722223"]
[EventDate "2025.05.20"]

1. e4 c5 2. d4 cxd4 3. c3 Nf6 4. e5 Nd5 5. Nf3 Nc6 6. Bc4 Nb6 7. Bb3 d3 8. Qxd3
g6 9. Ng5 Nxe5 10. Qd4 Bg7 11. Nxf7 Qc7 12. Bf4 Nd3+ 13. Qxd3 Qxf4 14. Nxh8 Bxh8
15. O-O d6 16. Nd2 Bf5 17. Qe2 Be5 18. g3 Qh6 19. Rfe1 O-O-O 20. Nc4 Nd7 21.
Nxe5 Nxe5 22. f4 Bg4 23. Be6+ Bxe6 24. fxe5 Bd5 25. Rad1 Bc6 26. exd6 exd6 27.
Qe6+ Kc7 28. Qe3 Qh3 29. Rd2 Re8 30. Qf2 Rxe1+ 31. Qxe1 Kd7 32. Qe5 d5 33. c4
Qe6 34. Qxe6+ Kxe6 35. cxd5+ Bxd5 36. b3 Ke5 37. Kf2 Be6 38. Ke3 Bd5 39. Rd4 h5
40. Rf4 Be6 41. Rf8 b6 42. Ra8 a5 43. Ra6 Bd5 44. Rxb6 g5 45. Rb5 h4 46. gxh4
gxh4 47. Rxa5 Kd6 48. Rxd5+ Kxd5 49. Kf4 Kc5 50. Kg4 Kb4 51. Kxh4 Ka3 52. Kg5
Kb4 53. h4 Ka3 54. h5 Kxa2 55. b4 Kb3 56. b5 Kc4 57. b6 Kd5 58. b7 Kd6 59. b8=B+
Ke7 60. Be5 Kf7 61. h6 Kf8 62. Kg6 Ke7 63. h7 Ke6 64. Bg7 Kd5 65. h8=Q Ke6 66.
Qe8+ Kd5 67. Qd7+ Ke4 68. Qe6+ Kf4 69. Qf5+ Ke3 70. Qe5+ Kd3 71. Qf4 Ke2 72. Qg3
Kd2 73. Qf3 Kc2 74. Qe3 Kd1 75. Qf2 Kc1 76. Qe2 Kb1 77. Kh5 Kc1 78. Kh4 Kb1 79.
Kh3 Kc1 80. Kh2 Kb1 81. Kh1 Kc1 82. Kg2 Kb1 83. Kf3 Kc1 84. Ke4 Kb1 85. Kd5 Kc1
86. Kc6 Kb1 87. Kb7 Kc1 88. Ka8 Kb1 89. Kb8 Kc1 90. Kc8 Kb1 91. Kd8 Kc1 92. Ke8
Kb1 93. Kf8 Kc1 94. Kg8 Kb1 95. Kh8 Kc1 96. Bf6 Kb1 97. Qb2# 1-0

[Event "Titled Tue 20th May Late"]
[Site "chess.com INT"]
[Date "2025.05.20"]
[Round "7"]
[White "Nalbandyan, Vahan"]
[Black "Brozynski, Patryk"]
[Result "0-1"]
[WhiteTitle "CM"]
[WhiteElo "2155"]
[BlackElo "2219"]
[WhiteFideId "13309439"]
[BlackFideId "2512700"]
[EventDate "2025.05.20"]

1. e4 e6 2. d4 d5 3. e5 c5 4. c3 Nc6 5. Nf3 Bd7 6. g3 Qb6 7. a3 c4 8. h4 Na5 9.
Nbd2 O-O-O 10. Rb1 Be7 11. Bh3 h6 12. h5 Kb8 13. Qc2 Rc8 14. O-O Bf8 15. Re1 Ne7
16. Nf1 Qb3 17. Qe2 Nec6 18. Bf4 Ka8 19. N1d2 Qb6 20. Qd1 Be7 21. b3 cxb3 22.
Nxb3 Nxb3 23. Rxb3 Qc7 24. Rb1 Na5 25. Bd2 Nc4 26. a4 Nxd2 27. Qxd2 Qxc3 28. Qf4
Rhf8 29. Rec1 Qd3 30. a5 Rxc1+ 31. Rxc1 Qe4 32. Rc7 Qxf4 33. gxf4 Rd8 34. Nd2
Kb8 35. Rc2 Rc8 36. Rxc8+ Kxc8 37. Nb3 Kc7 38. Bf1 Ba4 39. Nd2 Bb4 40. Nf3 Bxa5
41. f5 Kd7 42. fxe6+ fxe6 43. Bd3 Ke7 44. Nh4 Bb6 45. Ng6+ Kf7 46. Nf4 Bxd4 47.
Bg6+ Ke7 48. Nd3 Bb5 49. Nb4 Bxe5 50. Kg2 a5 51. Nc2 Bc6 52. Kf1 b5 53. Ke2 b4
54. Kd3 b3 55. Na3 a4 56. Kd2 Bb2 57. Nb1 Be5 58. f4 Kd6 59. fxe5+ Kxe5 60. Kc3
d4+ 61. Kb4 Be4 62. Bxe4 Kxe4 63. Kxa4 Ke3 64. Kxb3 e5 65. Kc2 Ke2 66. Na3 e4
67. Nc4 d3+ 68. Kc3 e3 69. Nb2 d2 70. Kc2 Ke1 71. Nd3+ Ke2 72. Nb2 Kf2 73. Nd3+
Kf3 0-1

[Event "Titled Tue 20th May Late"]
[Site "chess.com INT"]
[Date "2025.05.20"]
[Round "7"]
[White "Bian, Alex"]
[Black "Sitbon, Itay"]
[Result "1-0"]
[WhiteTitle "FM"]
[WhiteElo "2342"]
[BlackElo "2192"]
[WhiteFideId "2056372"]
[BlackFideId "2820706"]
[EventDate "2025.05.20"]

1. e4 e5 2. Nf3 d5 3. Nxe5 Nf6 4. d4 Nxe4 5. Bd3 Nd7 6. Nf3 Bd6 7. O-O O-O 8. c4
c6 9. Nc3 Ndf6 10. Re1 Re8 11. h3 Bf5 12. Be3 dxc4 13. Bxc4 Nxc3 14. bxc3 Nd5
15. Bd2 Qc7 16. Qb3 Nf4 17. Ne5 Ne6 18. g4 Bg6 19. Nxg6 hxg6 20. Bxe6 fxe6 21.
Rxe6 Rxe6 22. Qxe6+ Kh7 23. Re1 Rf8 24. Kg2 Bf4 25. Bxf4 Qxf4 26. Qe3 Qf7 27.
Re2 Qd5+ 28. f3 Qc4 29. h4 Rf6 30. Kg3 Qf7 31. Rh2 Re6 32. Qd3 Qc7+ 33. f4 Qe7
34. Kf3 Kg8 35. g5 Qd6 36. c4 Qd7 37. h5 Qf7 38. hxg6 Rxg6 39. Kg3 Qe6 40. Re2
Qf7 41. Qe4 Kf8 42. Kg4 Qd7+ 43. f5 Rd6 44. Rd2 Qf7 45. c5 Rd5 46. Re2 g6 47. f6
Qd7+ 48. Kg3 Rxd4 49. Qe7+ Qxe7 50. Rxe7 Rd5 51. Kg4 Rd4+ 52. Kg3 Rd5 53. Kf4
Rf5+ 54. Kg4 Rxc5 55. Rxb7 Rc4+ 56. Kf3 Rc5 57. Kf4 Rc4+ 58. Ke5 Rc1 59. Rb8+
Kf7 60. Rb7+ Kf8 61. Rxa7 Re1+ 62. Kd6 Rc1 63. Ke6 Re1+ 64. Kd6 Rc1 65. Rg7 Rd1+
66. Kxc6 Rd2 67. a4 Ra2 68. Kb5 Rb2+ 69. Kc4 Ra2 70. Kb3 Rg2 71. Rxg6 Rg3+ 72.
Kb4 Rg4+ 73. Kb5 Rg1 74. Rg7 Rb1+ 75. Kc6 Rb4 76. a5 Ra4 77. Kb6 Ra1 78. a6 Rb1+
79. Kc5 Ra1 80. a7 Ra5+ 81. Kd6 Ra1 82. Ke6 Ra6+ 83. Kf5 Ra5+ 84. Kg6 Ra6 85.
Rb7 Re6 86. Rb8+ Re8 87. a8=Q Rxb8 88. Qxb8# 1-0

[Event "Titled Tue 20th May Late"]
[Site "chess.com INT"]
[Date "2025.05.20"]
[Round "7"]
[White "Shandrygin, Nikita"]
[Black "Dogan, Mire Deniz"]
[Result "1/2-1/2"]
[WhiteTitle "FM"]
[BlackTitle "FM"]
[WhiteElo "2209"]
[BlackElo "2089"]
[WhiteFideId "24198668"]
[BlackFideId "6317456"]
[EventDate "2025.05.20"]

1. e4 c5 2. b4 cxb4 3. a3 bxa3 4. Nxa3 g6 5. Bb2 Nf6 6. e5 Nd5 7. Bc4 Nb6 8. e6
f6 9. exd7+ Bxd7 10. Bb3 Bg7 11. Nf3 Nc6 12. O-O e6 13. Re1 O-O 14. Nb5 a6 15.
Nd6 Qc7 16. Ne4 f5 17. Bxg7 Kxg7 18. Nc5 e5 19. Qc1 Nd4 20. Nxd4 Qxc5 21. Nf3 e4
22. Qb2+ Kh6 23. Ne5 Qe7 24. f4 Rae8 25. Re3 Qf6 26. Bf7 Rxf7 27. Nxf7+ Qxf7 28.
Qxb6 Kg7 29. Qxb7 Bb5 30. Qxf7+ Kxf7 31. Kf2 Rc8 32. Rc3 Rd8 33. Ke3 Rd7 34. Rc5
Ke7 35. c4 Rd3+ 36. Ke2 Kd6 37. Rc8 Kd7 38. cxb5 Kxc8 39. bxa6 Kb8 40. Rc1 Ra3
41. Rc6 Ra2 42. h4 Ra3 43. h5 gxh5 44. Rh6 Rg3 45. Kf2 Rg6 46. Rxh7 Rxa6 47.
Rxh5 Rd6 48. Ke2 Rg6 49. Kf2 Rd6 50. Rxf5 Rxd2+ 51. Kg3 Kc7 52. Re5 Re2 53. Kh3
Kd6 54. g4 e3 55. Kh4 Rf2 56. Kg5 e2 57. Re3 Kd5 58. f5 Kd4 59. Re8 Kd3 60. f6
Rf3 61. Rxe2 Kxe2 62. Kg6 Ke3 63. g5 Ke4 64. f7 Ke5 65. Kg7 Ke6 66. g6 Ke7 67.
Kg8 Rf4 68. Kg7 Rf3 69. Kg8 Rf4 70. Kg7 Rf6 71. Kh7 Rf5 72. Kg7 Rf4 73. Kg8 Rf6
74. Kg7 Rf1 75. Kg8 Rf2 76. Kg7 Rf6 77. Kh7 Rf4 78. Kh8 Rh4+ 79. Kg8 Rf4 1/2-1/2

[Event "Titled Tue 20th May Late"]
[Site "chess.com INT"]
[Date "2025.05.20"]
[Round "7"]
[White "Ermolaev, Evgeny"]
[Black "Becking, Stephan"]
[Result "1-0"]
[WhiteTitle "FM"]
[BlackTitle "IM"]
[WhiteElo "2282"]
[BlackElo "2410"]
[WhiteFideId "24103195"]
[BlackFideId "4632478"]
[EventDate "2025.05.20"]

1. d4 Nf6 2. c4 e6 3. Nf3 Bb4+ 4. Bd2 Qe7 5. g3 O-O 6. Bg2 Bxd2+ 7. Qxd2 d6 8.
Nc3 a6 9. O-O e5 10. Rac1 Nbd7 11. Nd5 Nxd5 12. cxd5 Nb6 13. dxe5 dxe5 14. Qc3
e4 15. Nd2 Nxd5 16. Qc5 c6 17. Nxe4 Re8 18. Rfd1 Be6 19. Qxe7 Rxe7 20. Nc5 Kf8
21. Nxe6+ fxe6 22. Rd2 Rd7 23. Rcd1 Rad8 24. e3 Ke7 25. Bf3 Nb4 26. Rxd7+ Rxd7
27. Rxd7+ Kxd7 28. a3 Nd3 29. b4 Ne5 30. Be2 b5 31. Kf1 Kd6 32. Ke1 c5 33. Kd2
Nc6 34. Kc3 Ne7 35. g4 Nd5+ 36. Kb3 c4+ 37. Kc2 Ke5 38. Bf3 Nc7 39. Bg2 Kd6 40.
f4 e5 41. Kc3 exf4 42. exf4 Nd5+ 43. Kd4 Nc7 44. g5 g6 45. Bh3 Ne6+ 46. Ke3 Nc7
47. f5 Nd5+ 48. Kd4 Ne7 49. f6 Nc6+ 50. Kc3 Ne5 51. Bg2 Nf7 52. h4 h6 53. Be4
hxg5 54. hxg5 Nxg5 55. Bxg6 Ke6 56. f7 Nxf7 57. Be4 Kd6 58. Bb7 Nd8 59. Bxa6 Kc6
60. a4 Kb6 61. Bxb5 Nb7 62. Bxc4 Nd6 63. Kd3 Nb7 64. Kc3 Nd6 65. Bd3 Nb7 66. a5+
Ka7 67. Kb3 Nd6 68. Ka4 Nc8 69. b5 Nd6 70. b6+ Kb8 71. Kb4 Nb7 72. a6 Ka8 73.
Be4 Kb8 74. Kb5 Ka8 75. Bxb7+ Kb8 76. Bf3 Kc8 77. a7 Kd7 78. a8=Q Kd6 79. Qc6+
Ke5 80. b7 Kf4 81. b8=Q+ Ke3 82. Qbe8+ Kf2 83. Qc2+ Kg3 84. Qeg6+ Kf4 85. Qce4# 1-0

[Event "Titled Tue 20th May Late"]
[Site "chess.com INT"]
[Date "2025.05.20"]
[Round "7"]
[White "Piddubna, Bozhena"]
[Black "Cernov, Henrik"]
[Result "0-1"]
[WhiteTitle "WFM"]
[BlackTitle "FM"]
[WhiteElo "2174"]
[BlackElo "2325"]
[WhiteFideId "34109293"]
[BlackFideId "16258312"]
[EventDate "2025.05.20"]

1. d4 Nf6 2. c4 Nc6 3. Nc3 e5 4. Nf3 exd4 5. Nxd4 Bb4 6. a3 Bxc3+ 7. bxc3 O-O 8.
g3 Ne5 9. Bg2 Nxc4 10. O-O h6 11. Qb3 d5 12. e4 Na5 13. Qb4 b6 14. exd5 Nxd5 15.
Qb2 Bb7 16. Qc2 c5 17. Nf5 Qf6 18. c4 Nxc4 19. Qxc4 Qxf5 20. Bb2 Rad8 21. Rad1
Rd7 22. Qh4 Qg6 23. Bh3 f5 24. Bg2 Qf7 25. Rd2 Nf6 26. Rfd1 Rxd2 27. Rxd2 Bxg2
28. Kxg2 Ne4 29. Rd1 Ng5 30. Qf4 Qb7+ 31. f3 Qe7 32. Rd2 Ne6 33. Qe5 Qf7 34. Re2
Ng5 35. h4 Nh7 36. Rd2 f4 37. g4 Re8 38. Qc3 Nf6 39. Qd3 c4 40. Qf5 Nh7 41. Qb5
Nf8 42. Bc3 Ng6 43. Rd7 Re7 44. Rd8+ Kh7 45. Rd2 Nxh4+ 46. Kf2 Ng6 47. Qf5 Qe8
48. Rd6 Re2+ 49. Kf1 Rh2 50. Rd2 Rxd2 51. Bxd2 Kg8 52. Bc3 Qf7 53. Qc8+ Kh7 54.
Qc6 Nf8 55. Qd6 Ne6 56. Qd5 Ng5 57. Qd4 Qg6 58. Kf2 Qc2+ 59. Kf1 Qg6 60. Kg2 b5
61. Qe5 Nf7 62. Qxf4 Qc2+ 63. Qd2 Qxd2+ 64. Bxd2 Ne5 65. Kg3 Nc6 66. Be3 a5 67.
Bd2 b4 68. axb4 axb4 69. Kf4 c3 70. Be1 c2 71. Bd2 Nd4 72. Ke4 Nb3 73. Be3 c1=Q
74. Bxc1 Nxc1 75. Ke3 Kg6 76. Kd2 Nb3+ 77. Kd3 Kg5 78. Kc4 Nd2+ 79. Kxb4 Nxf3
80. Kc3 Kxg4 81. Kd3 Kg3 82. Ke2 Kg2 83. Ke3 h5 84. Kf4 h4 85. Kg4 h3 86. Kh5 h2
87. Kg6 h1=Q 88. Kxg7 Qh5 89. Kf6 Ng1 90. Kg7 Qf5 91. Kg8 Qd7 92. Kh8 Qe7 93.
Kg8 Kf2 94. Kh8 Ke2 95. Kg8 Kd2 96. Kh8 Kc2 0-1

[Event "Titled Tue 20th May Late"]
[Site "chess.com INT"]
[Date "2025.05.20"]
[Round "7"]
[White "Grzesik, Gracjan"]
[Black "Bhatia, Kanishka"]
[Result "1-0"]
[WhiteTitle "CM"]
[BlackTitle "WCM"]
[WhiteElo "2175"]
[BlackElo "1979"]
[WhiteFideId "1194593"]
[BlackFideId "2410095"]
[EventDate "2025.05.20"]

1. c4 e5 2. Nc3 c6 3. Nf3 Qc7 4. g3 Nf6 5. Bg2 Be7 6. O-O O-O 7. d3 d6 8. Qc2 h6
9. d4 exd4 10. Nxd4 Re8 11. b3 Nbd7 12. Bb2 Bf8 13. Rad1 Nc5 14. h3 Ne6 15. Nf5
g6 16. Na4 Nh7 17. Qc3 f6 18. Nd4 Nxd4 19. Qxd4 Be6 20. e4 Bf7 21. Kh2 c5 22.
Qd2 Bg7 23. Nc3 Ng5 24. Qxd6 Qa5 25. h4 Rad8 26. Qf4 Ne6 27. Qe3 Nd4 28. Rd2 b5
29. cxb5 f5 30. Rfd1 fxe4 31. Nxe4 Qxb5 32. Qf4 Qb6 33. Bc3 Kh7 34. Bxd4 cxd4
35. h5 g5 36. Qf5+ Kg8 37. Qf3 Bd5 38. Qd3 Bb7 39. Re2 Qc6 40. Qd2 Qd7 41. Rde1
Bxe4 42. Rxe4 Rf8 43. R4e2 d3 44. Re3 Qd4 45. Kg1 Qc3 46. Qxc3 Bxc3 47. Rd1 Bd4
48. Rexd3 Bb6 49. Rxd8 Bxd8 50. Bd5+ Kg7 51. Kg2 Bb6 52. Rd2 Rd8 53. Kf3 Rf8+
54. Kg2 Kf6 55. Rd3 Ke5 56. Bf3 Rc8 57. Rd2 Rc1 58. Re2+ Kf6 59. Bg4 Ra1 60.
Re6+ Kg7 61. Re7+ Kf6 62. Re2 Rc1 63. f4 gxf4 64. gxf4 Ra1 65. Kf3 Rf1+ 66. Ke4
Rc1 67. Rd2 Rc7 68. Rd6+ Kg7 69. Rg6+ Kh7 70. Bf5 Re7+ 71. Re6+ Kg7 72. Rxe7+
Kf6 73. Re6+ Kf7 74. Kd5 Be3 75. Rxh6 Bxf4 76. Rh7+ Kf6 77. Rxa7 Kxf5 78. Rf7+
Kg5 79. Rxf4 Kxf4 80. h6 Ke3 81. h7 Kd3 82. h8=Q Kc2 83. b4 Kb1 84. b5 Kxa2 85.
b6 Kb3 86. b7 Ka3 87. b8=Q Ka4 88. Qa1# 1-0